| 000 | 00387nam a2200145Ia 4500 | ||
|---|---|---|---|
| 008 | 231129s1984||||xx |||||||||||||| ||spa|| | ||
| 020 | _a968-463-019-0 | ||
| 040 | _bspa | ||
| 082 | _a582.15 H685i | ||
| 100 | _aHocker Harold W. | ||
| 245 | 0 | _aIntroducción a la biología forestal | |
| 260 | _c1984 | ||
| 264 | _aAGT Editor | ||
| 942 |
_2ddc _cBKS |
||
| 999 |
_c15834 _d15834 |
||